Another World - One Direction - All Lyrics - Statistics

General Stats
  • This quiz has been taken 30 times
  • The average score is 326 of 359
Answer Stats
Answer % Correct
a
100%
another
100%
I
100%
I'll
100%
just
100%
Just
100%
know
100%
never
100%
(Oh
100%
oh)
100%
oh-oh-oh
100%
stop
100%
take
100%
Take
100%
(Take
100%
the
100%
to
100%
up,
100%
(Woah,
100%
world
100%
world)
100%
yeah,
100%
yeah),
100%
yeah)
100%
Yeah,
100%
yeah
100%
you,
100%
you
100%
You
100%
feel
95%
I'm
95%
it?
95%
it
95%
It's
95%
it's
95%
lift
95%
me,
95%
me
95%
be
90%
can
90%
in
90%
(In
90%
not
90%
every
86%
on
86%
there's
86%
bring
81%
hey,
81%
life
81%
like
81%
them
81%
tryna
81%
way,
81%
way
81%
your
81%
don't
76%
Let
76%
let
76%
reason
76%
that
76%
what
76%
whatcha
76%
will
76%
Words
76%
words
76%
build
71%
but
71%
heart,
71%
out
71%
you're
71%
and
67%
Baby,
67%
fire,
67%
girl,
67%
Girl,
67%
my
67%
read
67%
signals
67%
so
67%
till
67%
when
67%
about
62%
'Cause,
62%
Everyday,
62%
Everyday
62%
(Everyday),
62%
for
62%
receivin'
62%
Close
57%
doin'?
57%
higher,
57%
stone
57%
believe
52%
One
52%
one
52%
prove
52%
secret
52%
show
52%
find
48%
good
48%
keep
48%
music
48%
jump
43%
pretty
43%
deep
33%
end
33%
meanin'
33%
movin'
33%
sounds
29%
No matching quizzes found
Score Distribution
Percent of People with Each Score
Percentile by Number Answered
Your Score History
You have not taken this quiz